000 00788cam a22002532a 4500
001 30648
003 BD-RjUl
005 20211209051609.0
008 140410t1954 enka 001 0 eng d
035 _a(BD-RjUL)30735
040 _aMBB
_cMBB
_dUKM
_dBD-RjUL
_dEQO
_beng
041 1 _aeng
_hger
082 0 4 _a290.1313464
_218
_bNEO 1954
090 _aBF311
_b.N489
100 1 _aNeumann, Erich.
_993117
245 1 4 _aThe origins and history of consciousness /
_cwith a foreword by C.G. Jung ; translated from the German by R.F.C. Hull
260 _aLondon :
_bRoutledge and K. Paul,
_c1954.
300 _axxiv, 493 p. :
_bfront. ill. ;
_c23 cm
504 _aincludes index.
650 0 _aConsciousness.
_993118
650 0 _aPersonality
_993119
942 _2ddc
_cBK
999 _c30648
_d30648